La gobernabilidad urbana y la estrategia centroamericana de desarrollo sostenible: el caso del Area Metropolitana de San José
Gardado en:
| Autor Principal: | |
|---|---|
| Formato: | Desconocido |
| Publicado: |
San José:
FLACSO. Programa Costa Rica
|
| Materias: | |
| Etiquetas: |
Engadir etiqueta
Sen Etiquetas, Sexa o primeiro en etiquetar este rexistro!
|
MARC
| LEADER | 00000 a2200000 04500 | ||
|---|---|---|---|
| 001 | 11760 | ||
| 003 | cru CIDCACS/IIS | ||
| 005 | 20171103170625.0 | ||
| 008 | 991231s1998 cr d | ||
| 999 | |c 17273 |d 17273 | ||
| 040 | |c cru CIDCACS/IIS | ||
| 090 | |a 14.04.03 L963g | ||
| 100 | 1 | |a Pérez, Marian |9 5868 | |
| 245 | |a La gobernabilidad urbana y la estrategia centroamericana de desarrollo sostenible: |b el caso del Area Metropolitana de San José |c Marian Pérez | ||
| 260 | |a San José: |b FLACSO. Programa Costa Rica | ||
| 300 | |a páginas 95-150 | ||
| 650 | |a GOBERNABILIDAD | ||
| 650 | |a ZONAS URBANAS | ||
| 650 | |a CIUDADES | ||
| 650 | |a DESARROLLO SUSTENTABLE | ||
| 942 | |2 ddc |c LI | ||
| 773 | 0 | |0 3697 |9 1487 |a Lungo Uclés, Mario |d San José: FLACSO. Programa Costa Rica 1998 |o 18290 |t Gobernabilidad urbana en Centroamérica |w (cru CIDCACS/IIS)11759 | |
